Transformations and geometries /

Guardado en:
Autor Principal: Gans, David, 1907-
Formato: Libro
Idioma:English
Publicado: New York : Appleton-Century-Crofts, c1969.
Series:The Appleton-Century mathematics series
Etiquetas: Agregar Etiqueta
Sin Etiquetas, Sea el primero en etiquetar este registro!
LEADER 00578cam a22001815 4500
001 MAT.inmabb001764
008 700802s1969####nyua#####b####001#0#eng#d
005 20170824143106.0
245 1 0 |a Transformations and geometries /  |c David Gans. 
260 |a New York :  |b Appleton-Century-Crofts,  |c c1969. 
300 |a xiii, 402 p. :  |b il. ;  |c 25 cm. 
440 4 |a The Appleton-Century mathematics series 
504 |a Bibliografía: p. 395-396. 
020 |a 0390346209 
100 1 |a Gans, David,  |d 1907- 
084 |a 51-XX  |2 msc2000 
010 |a  68008960  
859 |h 51  |i G199  |p A-3138  |b BIB. MATEMATICA